مكتبة جامعة عجلون الوطنية

فهرس بحث المكتبة

تقدير مدى فاعلية استخدام نظام ادارة الجودة الشاملة في تطوير اداء الجامعات الاردنية (Record no. 29102)

MARC details
000 -LEADER
fixed length control field 01107nam a2200241Ii 4500
003 - CONTROL NUMBER IDENTIFIER
control field JO-AjNU
005 - DATE AND TIME OF LATEST TRANSACTION
control field 20240630095408.0
008 - FIXED-LENGTH DATA ELEMENTS--GENERAL INFORMATION
fixed length control field 230605s9999||||xx |||||||||||||| ||und||
040 ## - CATALOGING SOURCE
Original cataloging agency JO-AjNU
Language of cataloging ara
Description conventions rda
Transcribing agency JO-AjNU
041 ## - LANGUAGE CODE
Language code of text/sound track or separate title ara
050 14 - LIBRARY OF CONGRESS CALL NUMBER
Classification number LB2341.A9722
100 ## - MAIN ENTRY--PERSONAL NAME
Personal name ايوب، علي محمد عبد الله
Relator term معد
9 (RLIN) 65901
245 00 - TITLE STATEMENT
Title تقدير مدى فاعلية استخدام نظام ادارة الجودة الشاملة في تطوير اداء الجامعات الاردنية
Statement of responsibility, etc. / اعداد علي محمد عبد الله ايوب ؛ اشراف احمد الخطيب
264 31 - PRODUCTION, PUBLICATION, DISTRIBUTION, MANUFACTURE, AND COPYRIGHT NOTICE
Place of production, publication, distribution, manufacture 2000
300 ## - PHYSICAL DESCRIPTION
Extent 126 ورقة
336 ## - CONTENT TYPE
Content type term text
Content type code txt
Source rdacontent
337 ## - MEDIA TYPE
Media type term unmediated
Media type code n
Source rdamedia
338 ## - CARRIER TYPE
Carrier type term volume
Carrier type code nc
Source rdacarrier
500 ## - GENERAL NOTE
General note رسالة جامعية ( اطروحة ماجستير) جامعة اليرموك، 2000
650 #4 - SUBJECT ADDED ENTRY--TOPICAL TERM
Topical term or geographic name entry element الجامعات والكليات - التعليم العالي - التخطيط التربوي - الادارة التعليمية - الاردن
9 (RLIN) 57034
700 ## - ADDED ENTRY--PERSONAL NAME
Personal name احمد الخطيب
Relator term مشرف
9 (RLIN) 65899
942 ## - ADDED ENTRY ELEMENTS (KOHA)
Source of classification or shelving scheme Library of Congress Classification
Koha item type Thesis
Holdings
Withdrawn status Lost status Source of classification or shelving scheme Damaged status Not for loan Home library Current library Shelving location Date acquired Total Checkouts Full call number Barcode Date last seen Price effective from Koha item type
    Library of Congress Classification     مكتبة جامعة عجلون الوطنية مكتبة جامعة عجلون الوطنية المراجع 30/06/2024   LB2341.A9722 A25534 06/06/2023 30/06/2024 Thesis